000 00439nam a2200157 4500
005 20251001123650.0
008 251001b |||||||| |||| 00| 0 eng d
040 _aMAIN
082 _a539
_bM289S
245 _aSynthesis and characterisation of rare-earth metal doped nanomaterials
260 _bDepartment of Physics, M D University, Rohtak
_c2025
300 _axi, 188
650 _aPhysics
700 _aPunia, Rajesh
942 _cTH
999 _c393573
_d393573